000 00488nam a22001577a 4500
008 230605b xxu||||| |||| 00| 0 eng d
020 _a9966918140
082 _a333.7909676
_bKAR
100 _cStephen Karekezi
245 _aAfrepren Occasional Paper
_bDo the poor benefit from power sector reform? Evidence from east africa
260 _bAfrepren/fwd, UNEP and Sida/Sarec
_c2005
300 _a108 pages
600 _cJohn Kimani
700 _cAmos Mutiga, Susan Amenya
942 _2ddc
_cBK
999 _c298
_d298